000
00295nam a22001337a 4500
008
170608b xxu||||| |||| 00| 0 eng d
020
_a
095352339031997800049201
041
_a
eng
080
_a
94
100
_a
18
101
_a
SHH
245
_a
GENDER& HISTORY
_c
DAVIDOFF,L
942
_2
udc
_c
BK
999
_c
16357
_d
16357